Normal view
MARC view
- الاسلام-تراجم-حركة المقاومة الاسلامية-احمد ياسين
Entry Topical Term
001 - CONTROL NUMBER
- control field: 38696
003 - CONTROL NUMBER IDENTIFIER
- control field: JO-AjAnu
005 - DATE AND TIME OF LATEST TRANSACTION
- control field: 20230606080436.0
008 - FIXED-LENGTH DATA ELEMENTS
- fixed length control field: 230606|| aca||aabn | a|a d
040 ## - CATALOGING SOURCE
- Original cataloging agency: JO-AjAnu
- Transcribing agency: JO-AjAnu
150 ## - HEADING--TOPICAL TERM
- Topical term or geographic name entry element: الاسلام-تراجم-حركة المقاومة الاسلامية-احمد ياسين
670 ## - SOURCE DATA FOUND
- Source citation: Work cat.: (JO-AjAnu)19847: نداف،عماد, author 38695, زمن أحمد ياسين :الشيخ عندما يقاوم/حياة الشيخ أحمد ياسين وحركة حماس دراسة